| 000 -LEADER |
| fixed length control field |
nam a22 a 4500 |
| 003 - CONTROL NUMBER IDENTIFIER |
| control field |
AKMAL |
| 005 - DATE AND TIME OF LATEST TRANSACTION |
| control field |
20170504102754.0 |
| 008 - FIXED-LENGTH DATA ELEMENTS--GENERAL INFORMATION |
| fixed length control field |
170504s2004 my a e 000 0 may d |
| 020 ## - INTERNATIONAL STANDARD BOOK NUMBER |
| International Standard Book Number |
9831926145 (kkt.) : |
| Terms of availability |
RM23.00 |
| 039 #9 - LEVEL OF BIBLIOGRAPHIC CONTROL AND CODING DETAIL [OBSOLETE] |
| Level of rules in bibliographic description |
200504191544 |
| Level of effort used to assign nonsubject heading access points |
anisatul |
| Level of effort used to assign subject headings |
200503281053 |
| Level of effort used to assign classification |
azwira |
| Level of effort used to assign subject headings |
200503281050 |
| Level of effort used to assign classification |
azwira |
| Level of effort used to assign subject headings |
200503261340 |
| Level of effort used to assign classification |
fatimah |
| 040 ## - CATALOGING SOURCE |
| Original cataloging agency |
AKMAL |
| Transcribing agency |
AKMAL |
| 049 ## - LOCAL HOLDINGS (OCLC) |
| Holding library |
klpmal |
| 082 04 - DEWEY DECIMAL CLASSIFICATION NUMBER |
| Classification number |
153.6 ABD |
| Edition number |
22 |
| 090 00 - LOCALLY ASSIGNED LC-TYPE CALL NUMBER (OCLC); LOCAL CALL NUMBER (RLIN) |
| Classification number (OCLC) (R) ; Classification number, CALL (RLIN) (NR) |
153.6 |
| Local cutter number (OCLC) ; Book number/undivided call number, CALL (RLIN) |
ABD |
| 090 20 - LOCALLY ASSIGNED LC-TYPE CALL NUMBER (OCLC); LOCAL CALL NUMBER (RLIN) |
| Classification number (OCLC) (R) ; Classification number, CALL (RLIN) (NR) |
153.6 |
| Local cutter number (OCLC) ; Book number/undivided call number, CALL (RLIN) |
ABD |
| 100 0# - MAIN ENTRY--PERSONAL NAME |
| Personal name |
Abdullah Hassan, |
| Dates associated with a name |
1942- |
| 9 (RLIN) |
341 |
| 245 10 - TITLE STATEMENT |
| Title |
Komunikasi intim: panduan menjalin hubungan persahabatan, kekeluargaan dan kasih sayang yang memuaskan dan berkekalan / |
| Statement of responsibility, etc. |
Abdullah Hassan, Ainon Mohd |
| 260 ## - PUBLICATION, DISTRIBUTION, ETC. |
| Place of publication, distribution, etc. |
Bentong, Pahang : |
| Name of publisher, distributor, etc. |
PTS Publications & Distributors, |
| Date of publication, distribution, etc. |
2004 |
| 300 ## - PHYSICAL DESCRIPTION |
| Extent |
[iii], 219ms. : |
| Other physical details |
il. ; |
| Dimensions |
22cm. |
| 440 #0 - SERIES STATEMENT/ADDED ENTRY--TITLE |
| Title |
Siri komunikasi |
| 9 (RLIN) |
1114 |
| 650 10 - SUBJECT ADDED ENTRY--TOPICAL TERM |
| Topical term or geographic name entry element |
Interpersonal communication |
| 9 (RLIN) |
1169 |
| 650 20 - SUBJECT ADDED ENTRY--TOPICAL TERM |
| Topical term or geographic name entry element |
Interpersonal relations |
| 9 (RLIN) |
487 |
| 650 20 - SUBJECT ADDED ENTRY--TOPICAL TERM |
| Topical term or geographic name entry element |
Communication in marriage |
| 9 (RLIN) |
1170 |
| 700 ## - ADDED ENTRY--PERSONAL NAME |
| Personal name |
Ainon Muhammad, |
| Dates associated with a name |
1950- |
| 9 (RLIN) |
343 |
| 942 ## - ADDED ENTRY ELEMENTS (KOHA) |
| Source of classification or shelving scheme |
|
| Koha item type |
Book |